| 000 | 00733nam a2200241 a 4500 | ||
|---|---|---|---|
| 001 | sa 68008656 | ||
| 003 | DLC | ||
| 005 | 20260227112534.0 | ||
| 008 | 980206s1939 ii af 000 0 mar | ||
| 010 | _asa 68008656 | ||
| 040 |
_aDLC _cDLC |
||
| 043 | _aa-ii--- | ||
| 050 | 0 | 0 |
_aHB3639 _b.H38 |
| 100 | 1 | 0 |
_aHaté, Chandrakala A. _q(Anandrao) |
| 245 | 1 | 0 | _aUpāsamāra kī niyojana. |
| 260 | 1 |
_aNāgapūra : _bSuvicāra Prakāśana Maṇḍaḷa, _c1939. |
|
| 300 |
_a191 p., 2 fold. leaves of plates : _bill. ; _c19 cm. |
||
| 440 | 0 |
_aNavabhārata granthamālā ; _v14 |
|
| 546 | _aIn Marathi. | ||
| 504 | _aIncludes bibliographical references (p. 183-185). | ||
| 651 | 0 |
_aIndia _xPopulation. |
|
| 650 | 0 |
_aFood supply _zIndia. |
|
| 999 |
_c82483 _d82483 |
||